[Event "Mechanics' Winter TNM; 30/90, SD/30"]
[Site "San Francisco"]
[Date "2009.02.17"]
[Round "7.11"]
[White "Periwal, Prashant"]
[Black "Matz, James"]
[Result "1-0"]
[WhiteElo "1869"]
[BlackElo "1746"]
[PlyCount "79"]
[EventDate "2009.??.??"]

1. e4 c5 2. Nf3 d6 3. Bc4 Nf6 4. Nc3 Nc6 5. h3 Bd7 6. O-O g6 7. Ng5 Ne5 8. Be2
h6 9. f4 hxg5 10. fxe5 dxe5 11. d3 Bh6 12. Be3 Qc7 13. Qd2 O-O-O 14. Bxg5 Bxg5
15. Qxg5 Be6 16. a4 a6 17. a5 Rh7 18. Na4 Rdh8 19. Ra3 Qd6 20. Qe3 Qd4 21. Rf3
Nd7 22. Kf1 Kb8 23. Rg3 Qd6 24. Rc3 Rc8 25. Rg5 Qc6 26. Nxc5 Nxc5 27. Rxe5 Bxh3
28. Rexc5 Qf6+ 29. Bf3 Be6 30. e5 Rh1+ 31. Ke2 Qh4 32. Kd2 Qb4 33. Rxc8+ Bxc8
34. Qb6 Qf4+ 35. Qe3 Qb4 36. Qc5 Qf4+ 37. Ke2 Rh8 38. Qc7+ Ka8 39. Rb3 Ka7 40.
Rxb7+ 1-0

[Event "Mechanics' Wilkerson Mem TNM; 30/90, SD"]
[Site "San Francisco"]
[Date "2009.08.04"]
[Round "2"]
[White "Periwal, Prashant"]
[Black "Morgan, Jerry"]
[Result "1-0"]
[WhiteElo "1888"]
[BlackElo "1414"]
[PlyCount "89"]
[EventDate "2009.??.??"]

1. e4 c6 2. d4 d5 3. e5 c5 4. c3 Nc6 5. Nf3 Bg4 6. Be2 Bxf3 7. Bxf3 e6 8. O-O
cxd4 9. Qa4 Qb6 10. c4 Qb4 11. Qxb4 Nxb4 12. a3 Nc2 13. Ra2 O-O-O 14. cxd5 exd5
15. Bg4+ Kb8 16. Bf5 d3 17. Bxd3 Nd4 18. Nc3 Ne7 19. f4 Nef5 20. b4 g6 21. Rd1
h5 22. Bxf5 Nxf5 23. Rxd5 Be7 24. Rad2 Rxd5 25. Nxd5 Bd8 26. Bb2 Re8 27. Kf2
Kc8 28. Rd3 Re6 29. Rc3+ Kd7 30. g3 Rc6 31. Kf3 Rxc3+ 32. Nxc3 Ke6 33. h3 a6
34. g4 hxg4+ 35. hxg4 Nd4+ 36. Ke4 Nb3 37. f5+ gxf5+ 38. gxf5+ Kd7 39. Kd5 Nd2
40. Bc1 Bg5 41. Bb2 Nf3 42. Ne4 Be7 43. f6 Bf8 44. Bc1 Ke8 45. Nd6+ 1-0

[Event "Mechanics' Winter TNM; 30/90, SD/30"]
[Site "San Francisco"]
[Date "2009.01.20"]
[Round "3.13"]
[White "Periwal, Prashant"]
[Black "Sherwood, Peter"]
[Result "1/2-1/2"]
[WhiteElo "1869"]
[BlackElo "1709"]
[PlyCount "105"]
[EventDate "2009.??.??"]

1. e4 e6 2. d4 d5 3. Nd2 c5 4. dxc5 Bxc5 5. Nb3 Bb6 6. exd5 exd5 7. Bb5+ Nc6 8.
Qe2+ Be6 9. Nf3 Nge7 10. Bg5 O-O 11. Rd1 Re8 12. Nfd4 Qd6 13. O-O Nf5 14. Qd3
Bc7 15. g3 Nfxd4 16. Nxd4 Bh3 17. Rfe1 Rxe1+ 18. Rxe1 Nxd4 19. Qxd4 Bb6 20. Qd2
Qc5 21. Qe2 Be6 22. a3 h6 23. Bf4 Rc8 24. Bd3 Bc7 25. Bxc7 Rxc7 26. Qh5 Rc8 27.
Qh4 a6 28. Qa4 Qd6 29. Qh4 b5 30. Qd4 Qc5 31. Qe5 Qc7 32. Qh5 Qc5 33. Re5 Qd4
34. Qe2 Qb6 35. c3 Qc6 36. Qe3 Rc7 37. Qf4 Rd7 38. g4 f6 39. Re3 Qd6 40. Qd4
Kf7 41. h4 Kg8 42. Bg6 Re7 43. f4 Bxg4 44. Rxe7 Qxe7 45. Qxd5+ Be6 46. Qa8+ Qf8
47. Qxa6 Qc5+ 48. Kf1 Bc4+ 49. Kg2 Bd5+ 50. Kf1 Bc4+ 51. Kg2 Bd5+ 52. Kf1 Bc4+
53. Kg2 {drawn by repetition} 1/2-1/2

[Event "Mechanics' Wilkerson Mem TNM; 30/90, SD"]
[Site "San Francisco"]
[Date "2009.08.18"]
[Round "3.12"]
[White "Periwal, Prashant"]
[Black "Somerville, Kenneth"]
[Result "0-1"]
[WhiteElo "1888"]
[BlackElo "1551"]
[PlyCount "80"]
[EventDate "2009.??.??"]

1. e4 e6 2. d4 d5 3. Nd2 Nf6 4. e5 Nfd7 5. Ngf3 c5 6. c3 Be7 7. Bd3 O-O 8. Nf1
f6 9. Ng3 fxe5 10. dxe5 Nc6 11. O-O Ndxe5 12. Bxh7+ Kxh7 13. Nxe5 Nxe5 14. Qh5+
Kg8 15. Qxe5 Bd6 16. Qh5 e5 17. Bg5 Qe8 18. Qh4 Qg6 19. Rad1 Be6 20. c4 d4 21.
b3 Bf5 22. Rfe1 Bc2 23. Rd2 Bb1 24. Ne4 Bxe4 25. Rxe4 Rf5 26. f4 exf4 27. Bxf4
Rxf4 28. Rxf4 Bxf4 29. Rd1 Be3+ 30. Kh1 Rf8 31. Qe7 Qf5 32. h3 Qh5 33. Re1 Qg5
34. Qxb7 Qg3 35. Qd5+ Rf7 36. Qa8+ Kh7 37. Qe4+ g6 38. Rd1 Bf4 39. Kg1 Bc7 40.
Rf1 Qh2# 0-1

[Event "Mechanics' Winter TNM; 30/90, SD/30"]
[Site "San Francisco"]
[Date "2009.02.03"]
[Round "5.11"]
[White "Periwal, Prashant"]
[Black "Somerville, Kenneth"]
[Result "1-0"]
[WhiteElo "1869"]
[BlackElo "1602"]
[PlyCount "41"]
[EventDate "2009.??.??"]

1. e4 e6 2. d4 d5 3. Nd2 Nf6 4. e5 Nfd7 5. f4 c5 6. c3 Nc6 7. Ndf3 Be7 8. Ne2
O-O 9. h4 f6 10. Be3 Rf7 11. g4 f5 12. gxf5 Rxf5 13. Bh3 Bxh4+ 14. Kd2 cxd4 15.
cxd4 Qa5+ 16. Nc3 Be7 17. Bxf5 exf5 18. Ng5 Bxg5 19. fxg5 Nb6 20. Qh5 Ne7 21.
Qe8# 1-0

[Event "Mechanics' Spring TNM; 30/90, SD/30"]
[Site "San Francisco"]
[Date "2009.03.24"]
[Round "2.1"]
[White "Periwal, Prashant"]
[Black "Wong, Russell"]
[Result "1/2-1/2"]
[WhiteElo "1860"]
[BlackElo "2200"]
[PlyCount "93"]
[EventDate "2009.??.??"]

1. e4 Nf6 2. e5 Nd5 3. c4 Nb6 4. d4 d6 5. f4 dxe5 6. fxe5 Nc6 7. Be3 Bf5 8. a3
e6 9. b4 Qh4+ 10. Bf2 Qe4+ 11. Qe2 O-O-O 12. Nd2 Qxe2+ 13. Nxe2 Be7 14. c5 Na4
15. Nb3 Bc2 16. Nec1 Bg5 17. Bb5 Nc3 18. Bxc6 bxc6 19. h4 Bh6 20. Rh3 Nd5 21.
Na5 Kd7 22. Ne2 Be4 23. g4 Nf4 24. Nxf4 Bxf4 25. Kf1 f6 26. Re1 Bd5 27. exf6
gxf6 28. Be3 Bxe3 29. Rexe3 Rhg8 30. Reg3 Rg6 31. g5 Rf8 32. Ke2 Rfg8 33. Kf2
R8g7 34. Rg1 Rf7 35. Ke3 Ke7 36. a4 h6 37. Rhg3 fxg5 38. hxg5 Rfg7 39. Kf4 Rf7+
40. Ke3 hxg5 41. Rxg5 Rf3+ 42. Kd2 Rxg5 43. Rxg5 Kf7 44. Rh5 Kg7 45. Rg5+ Kf6
46. Rg8 Ra3 47. Rc8 {and drawn after a few more moves} 1/2-1/2

[Event "Mechanics' Summer TNM; 30/90, SD/30"]
[Site "San Francisco"]
[Date "2009.06.16"]
[Round "4.7"]
[White "Periwal, Prashant"]
[Black "Wong, Russell"]
[Result "0-1"]
[WhiteElo "1855"]
[BlackElo "2200"]
[PlyCount "82"]
[EventDate "2009.??.??"]

1. e4 Nf6 2. e5 Nd5 3. d4 d6 4. exd6 cxd6 5. c4 Nf6 6. Nf3 g6 7. Bd2 Bg7 8. Bd3
O-O 9. Bc3 d5 10. Nbd2 dxc4 11. Nxc4 Nd5 12. O-O Nc6 13. Nfe5 Nxe5 14. Nxe5
Nxc3 15. bxc3 Bxe5 16. dxe5 Qc7 17. Qe1 Rd8 18. Bc2 Be6 19. f4 Rac8 20. Rf3 Rd5
21. Bb3 Qb6+ 22. Qe3 Rdc5 23. Bxe6 Qxe6 24. Qd4 b6 25. a4 Rc4 26. Qd2 Qc6 27.
Rd3 Qc5+ 28. Kf1 Rxc3 29. Rd8+ Rxd8 30. Qxd8+ Kg7 31. Rd1 Rc2 32. Rd4 Rc1+ 33.
Ke2 Qc3 34. Rd3 Qe1+ 35. Kf3 Rc2 36. Re3 Qf2+ 37. Ke4 Qxg2+ 38. Kd4 Rd2+ 39.
Rd3 Qf2+ 40. Ke4 Re2+ 41. Kd5 Qc5# 0-1

[Event "Mechanics' Summer TNM; 30/90, SD/30"]
[Site "San Francisco"]
[Date "2009.06.02"]
[Round "2.22"]
[White "Persidsky, Andre"]
[Black "Bertot, German"]
[Result "1-0"]
[WhiteElo "1855"]
[BlackElo "1561"]
[PlyCount "95"]
[EventDate "2009.??.??"]

1. d4 d5 2. c4 e6 3. Nc3 Nf6 4. Nf3 Nbd7 5. e3 c6 6. Bd3 Bd6 7. O-O O-O 8. b3
e5 9. cxd5 Bb4 10. Ne4 cxd5 11. Nxf6+ Qxf6 12. dxe5 Nxe5 13. Nxe5 Qxe5 14. Rb1
Bc3 15. Ba3 Rd8 16. Rc1 Bb2 17. Bxh7+ Kh8 18. Bxb2 Qxb2 19. Qh5 Qf6 20. Bg6+
Kg8 21. Qh7+ Kf8 22. Rc7 Bd7 23. Rxd7 Rxd7 24. Qh8+ Ke7 25. Qxa8 Qxg6 26. Qxa7
Qc2 27. Qa3+ Ke6 28. Rc1 Qe2 29. g3 g6 30. Rc8 Qd1+ 31. Kg2 Qg4 32. Re8+ Kf5
33. f3 Qg5 34. Qb2 Re7 35. f4 Qf6 36. Qxf6+ Kxf6 37. Rxe7 Kxe7 38. Kf2 Ke6 39.
g4 f6 40. h4 f5 41. h5 fxg4 42. hxg6 Kf6 43. Kg3 Kxg6 44. Kxg4 Kf6 45. f5 Kf7
46. Kg5 Kg7 47. f6+ Kf7 48. Kf5 1-0

[Event "Mechanics' Summer TNM; 30/90, SD/30"]
[Site "San Francisco"]
[Date "2009.06.16"]
[Round "4.19"]
[White "Persidsky, Andre"]
[Black "Nelson, Chris"]
[Result "1-0"]
[WhiteElo "1855"]
[BlackElo "1398"]
[PlyCount "74"]
[EventDate "2009.??.??"]

1. d4 f5 2. c4 e6 3. Nc3 Nf6 4. Nf3 Be7 5. g3 O-O 6. Bg2 c6 7. O-O Na6 8. d5
Qc7 9. dxe6 dxe6 10. Bf4 Qb6 11. Qc2 Nh5 12. Na4 Qd8 13. Rad1 Qe8 14. Be5 Nb4
15. Qb3 c5 16. Bd6 Na6 17. Ne5 Bxd6 18. Rxd6 Qe7 19. Rxa6 Qc7 20. Nd3 b6 21.
Rxb6 Bd7 22. Bxa8 Bxa4 23. Qxa4 Qxb6 24. Bf3 Nf6 25. Qc6 Re8 26. Qxc5 Qa6 27.
Nb4 Qa4 28. Bc6 Rc8 29. Bxa4 Rxc5 30. Bb5 Kf7 31. Rd1 g5 32. f3 Kg6 33. Kf2 h5
34. Nd3 Rc7 35. Ne5+ Kh6 36. Rd6 g4 37. Rxe6 Kg5 1-0

[Event "Mechanics' Winter TNM; 30/90, SD/30"]
[Site "San Francisco"]
[Date "2009.01.20"]
[Round "3.18"]
[White "Persidsky, Andre"]
[Black "Rudzevich, Brian"]
[Result "1/2-1/2"]
[WhiteElo "1829"]
[BlackElo "976"]
[PlyCount "92"]
[EventDate "2009.??.??"]

1. d4 d5 2. c4 e6 3. Nc3 Bb4 4. Nf3 Bxc3+ 5. bxc3 Nf6 6. e3 Qe7 7. a4 a5 8. Bd3
dxc4 9. Bxc4 c5 10. Ba3 b6 11. O-O O-O 12. Rb1 Nbd7 13. Re1 Ne4 14. Qc2 Bb7 15.
Bd3 Ng5 16. Nxg5 Qxg5 17. Bxh7+ Kh8 18. Be4 Bxe4 19. Qxe4 Nf6 20. Qf3 Rab8 21.
e4 Rfc8 22. Bc1 Qg4 23. Qd3 c4 24. Qc2 Qh5 25. Re3 Kg8 26. Ba3 b5 27. axb5 Rxb5
28. Rh3 Rxb1+ 29. Qxb1 Qg6 30. f3 Nd5 31. Qc1 Nc7 32. Qb2 Qg5 33. Kf2 Qb5 34.
Qc1 f6 35. Qf4 Qg5 36. Qxg5 fxg5 37. Rh5 Nb5 38. Bb2 Rb8 39. Rxg5 a4 40. Rc5 a3
41. Rxc4 Nd6 42. Rb4 Rxb4 43. Bxa3 Rb6 44. Bc5 Rb2+ 45. Kg3 Nf7 46. c4 Kh7 {
remainder illegible; drawn in 63 moves} 1/2-1/2

[Event "Mechanics' Winter TNM; 30/90, SD/30"]
[Site "San Francisco"]
[Date "2009.01.06"]
[Round "1.23"]
[White "Persidsky, Andre"]
[Black "Star, Spenser"]
[Result "1-0"]
[WhiteElo "1829"]
[BlackElo "1088"]
[PlyCount "49"]
[EventDate "2009.??.??"]

1. d4 Nf6 2. c4 c5 3. e3 b5 4. cxb5 a6 5. Nc3 d6 6. dxc5 Qc7 7. cxd6 Qxd6 8.
Qxd6 exd6 9. Nf3 g6 10. Bc4 Bg7 11. O-O O-O 12. Rd1 Rd8 13. e4 Be6 14. Bxe6
fxe6 15. e5 Ne8 16. Bg5 Rd7 17. Bf4 d5 18. Nd4 Nc7 19. b6 Nb5 20. Ncxb5 axb5
21. Nxe6 Ra4 22. g3 Rc4 23. Nxg7 Kxg7 24. e6 Re7 25. Bxb8 1-0

[Event "Mechanics' Winter TNM; 30/90, SD/30"]
[Site "San Francisco"]
[Date "2009.02.10"]
[Round "6.26"]
[White "Piccinini, Guido"]
[Black "Cole, Tony"]
[Result "0-1"]
[WhiteElo "1349"]
[BlackElo "1359"]
[PlyCount "102"]
[EventDate "2009.??.??"]

1. e4 d5 2. exd5 Qxd5 3. Nc3 Qe5+ 4. Qe2 Nc6 5. Nf3 Qxe2+ 6. Bxe2 Nb4 7. Bd3
Bg4 8. Ne5 Nf6 9. a3 Nxd3+ 10. Nxd3 O-O-O 11. O-O e6 12. Ne5 Bh5 13. d3 h6 14.
Be3 Bd6 15. Nc4 g5 16. Nxd6+ Rxd6 17. Nb5 Ra6 18. Bd4 e5 19. Bxe5 Re6 20. Bxf6
Rxf6 21. Nxa7+ Kb8 22. Nb5 Rb6 23. a4 c6 24. Nd6 Rxb2 25. Rfc1 Kc7 26. Nc4 Rb4
27. a5 Ra8 28. Re1 Kd8 29. Re3 b5 30. Nb6 Rxa5 31. Rae1 Kc7 32. Nc8 Kxc8 33.
Re8+ Kb7 34. c3 Rba4 35. h3 Ra1 36. R8e7+ Kb6 37. f3 Bg6 38. d4 Bd3 39. Kf2
R5a2+ 40. Kg3 Rxe1 41. Rxe1 Rc2 42. Re7 Bg6 43. Re3 h5 44. Kh2 h4 45. Kg1 Ra2
46. Re1 Ra3 47. Rc1 Rb3 48. Kf2 Rb2+ 49. Kg1 Rb1 50. Rxb1 Bxb1 51. Kf2 f5 0-1

[Event "Mechanics' Winter TNM; 30/90, SD/30"]
[Site "San Francisco"]
[Date "2009.01.20"]
[Round "3.21"]
[White "Piccinini, Guido"]
[Black "Dembling, Arthur"]
[Result "0-1"]
[WhiteElo "1349"]
[BlackElo "1714"]
[PlyCount "68"]
[EventDate "2009.??.??"]

1. d4 Nf6 2. e3 e6 3. Nf3 b6 4. Nbd2 Bb7 5. Bd3 c5 6. c3 Nc6 7. O-O Be7 8. Re1
O-O 9. e4 cxd4 10. cxd4 Nb4 11. Bb1 Ba6 12. Nb3 Rc8 13. a3 Rxc1 14. Qxc1 Nd3
15. Bxd3 Bxd3 16. e5 Nd5 17. Qd2 Bf5 18. Rac1 Qb8 19. Na1 Bg4 20. Qd3 Bf5 21.
Qd2 h6 22. h3 Qb7 23. Nc2 Nc7 24. Qe2 Nd5 25. Qd2 Nc7 26. Qe2 Nd5 27. Ne3 Nf4
28. Qc4 Bxh3 29. Qc7 Qe4 30. gxh3 Qxf3 31. Qc2 Nxh3+ 32. Kf1 Nf4 33. Kg1 Bh4
34. Re2 Nxe2+ 0-1

[Event "Mechanics' Winter TNM; 30/90, SD/30"]
[Site "San Francisco"]
[Date "2009.02.24"]
[Round "8.28"]
[White "Piccinini, Guido"]
[Black "Morgan, Jerry"]
[Result "0-1"]
[WhiteElo "1349"]
[BlackElo "1393"]
[PlyCount "111"]
[EventDate "2009.??.??"]

1. d4 f5 2. Nf3 Nf6 3. e3 d6 4. Bd3 g6 5. b3 Bg7 6. Bb2 O-O 7. O-O Ng4 8. h3
Nh6 9. Nbd2 Qe8 10. Rb1 e5 11. dxe5 dxe5 12. Bc4+ Nf7 13. Ng5 h6 14. Nxf7 Rxf7
15. Bxf7+ Qxf7 16. Nf3 Nc6 17. Qd2 Be6 18. Qe2 Rd8 19. Rfd1 Rd6 20. Rxd6 cxd6
21. Qb5 a6 22. Qd3 e4 23. Qxd6 Bxb2 24. Nd4 Bxd4 25. exd4 Qd7 26. Qxd7 Bxd7 27.
d5 Nb4 28. Rb2 Nxd5 29. c4 Nf4 30. Rd2 Nd3 31. Kf1 Kf7 32. Ke2 Ke6 33. g3 g5
34. h4 Ke5 35. f3 Bc6 36. fxe4 fxe4 37. Ke3 Kf5 38. Rd1 Kg4 39. hxg5 hxg5 40.
Rg1 Nb4 41. Rg2 Kh3 42. Rd2 Nd3 43. g4 Kxg4 44. Rg2+ Kf5 45. Rg3 Ne1 46. Kd2
Nf3+ 47. Ke3 Ke5 48. Rg2 Kf5 49. Rg3 Ke5 50. Rg2 Kf5 51. Rg3 g4 52. Rg2 Kg5 53.
Rc2 g3 54. Rg2 Kg4 55. Rc2 Kh3 56. Re2 0-1

[Event "Mechanics' Winter TNM; 30/90, SD/30"]
[Site "San Francisco"]
[Date "2009.01.06"]
[Round "1.18"]
[White "Piccinini, Guido"]
[Black "Ramachandran, Jayakrishnan"]
[Result "0-1"]
[WhiteElo "1349"]
[BlackElo "1811"]
[PlyCount "80"]
[EventDate "2009.??.??"]

1. d4 Nf6 2. Nf3 e6 3. Bf4 d5 4. e3 Bd6 5. Bxd6 Qxd6 6. Bd3 O-O 7. Nbd2 Nbd7 8.
O-O c5 9. c3 b6 10. Rc1 Bb7 11. Re1 Ne4 12. c4 f5 13. cxd5 exd5 14. Bxe4 fxe4
15. Ng5 h6 16. Nh3 Nf6 17. Nf1 Bc8 18. Nf4 c4 19. Ng3 Ng4 20. h3 g5 21. hxg4
gxf4 22. exf4 Qxf4 23. Nf5 Bxf5 24. gxf5 Rxf5 25. Rc2 Qh4 26. Re3 Raf8 27. Rh3
Qf6 28. Qg4+ Kh7 29. Rg3 Rxf2 30. Rxf2 Qxf2+ 31. Kh2 Qf7 32. Kg1 Rg8 33. Qh3
Rxg3 34. Qxg3 Qg7 35. Kf2 Qxg3+ 36. Kxg3 Kg6 37. Kf4 Kf6 38. g4 b5 39. a3 a5
40. Kg3 Kg5 0-1

[Event "Mechanics' Spring TNM; 30/90, SD/30"]
[Site "San Francisco"]
[Date "2009.04.07"]
[Round "4.24"]
[White "Puryear, Ted"]
[Black "Allen, Tom"]
[Result "0-1"]
[WhiteElo "1124"]
[BlackElo "1570"]
[PlyCount "72"]
[EventDate "2009.??.??"]

1. d4 Nf6 2. Nf3 d5 3. Bg5 Nbd7 4. Nbd2 h6 5. Bh4 g5 6. Bg3 e6 7. e3 c5 8. c3
c4 9. Qc2 Be7 10. e4 b5 11. exd5 Nxd5 12. Ne5 Nxe5 13. Bxe5 Bf6 14. Bxf6 Nxf6
15. Nf3 Bb7 16. Qe2 Be4 17. Ne5 O-O 18. f3 Bd5 19. g4 Nd7 20. Bg2 Nxe5 21. Qxe5
f6 22. Qe2 Qc7 23. Qe3 Rae8 24. O-O e5 25. Rae1 Re7 26. Qf2 Rfe8 27. h4 Re6 28.
hxg5 hxg5 29. Re2 Qe7 30. Rfe1 Qf8 31. dxe5 fxe5 32. Qe3 Qf6 33. Rf1 Qg6 34.
Qc5 Bc6 35. Qxa7 Ra8 36. Qc5 Rxa2 {W time exp} 0-1

[Event "Mechanics' Winter TNM; 30/90, SD/30"]
[Site "San Francisco"]
[Date "2009.02.03"]
[Round "5.28"]
[White "Puryear, Ted"]
[Black "Oca, Homer Nicolas"]
[Result "0-1"]
[WhiteElo "1124"]
[BlackElo "1677"]
[PlyCount "70"]
[EventDate "2009.??.??"]

1. d4 a6 2. Nf3 h6 3. Bf4 Nf6 4. Nbd2 d5 5. e3 Bf5 6. c3 Nc6 7. Be2 e6 8. Ne5
Nxe5 9. Bxe5 Bd6 10. Nf3 g5 11. Bd3 Be4 12. Bxe4 dxe4 13. Bxf6 Qxf6 14. Nd2 Qg6
15. Nc4 Be7 16. a4 O-O 17. Ne5 Qg7 18. Qg4 f5 19. Qd1 Bf6 20. Nc4 Rfd8 21. Qb3
Rab8 22. O-O-O b5 23. Na5 Rb6 24. axb5 axb5 25. Qb4 Be7 26. Qb3 Ra8 27. Nc6
Rxc6 28. Qxb5 Rb6 29. Qd7 Rab8 30. b4 Qf8 31. Kd2 Bxb4 32. Qxc7 Ba5 33. Qc4 Rc8
34. Qa2 Bxc3+ 35. Ke2 Rb2+ 0-1

[Event "Mechanics' Fall TNM; 30/90, SD/30"]
[Site "San Francisco"]
[Date "2009.12.01"]
[Round "7.11"]
[White "Ramachandran, Jayakrishnan"]
[Black "Askin, Michael"]
[Result "0-1"]
[WhiteElo "1922"]
[BlackElo "1699"]
[PlyCount "82"]
[EventDate "2009.??.??"]

1. e4 c5 2. Nf3 d6 3. d4 cxd4 4. Nxd4 Nf6 5. Nc3 a6 6. g3 e5 7. Nb3 Nbd7 8. Bg2
b5 9. O-O Bb7 10. Be3 Be7 11. Re1 O-O 12. h3 Rc8 13. Rc1 Rxc3 14. bxc3 Nxe4 15.
Qd3 Qa8 16. Na5 Bd5 17. Rcd1 Ndf6 18. Qf1 Nxc3 19. Bxd5 Nfxd5 20. Rd3 e4 21.
Rd2 Nxe3 22. fxe3 d5 23. Rf2 Bb4 24. Nb3 Nxa2 25. Ra1 Nc3 26. Nd4 Bc5 27. Rd2
a5 28. Qf4 Qa7 29. Kg2 a4 30. Qe5 Qe7 31. Ne6 fxe6 32. Qxc3 Bb4 33. Qd4 Bxd2
34. Qxd2 Qf6 35. Rb1 Qf3+ 36. Kh2 Qf2+ 37. Qxf2 Rxf2+ 38. Kg1 Rxc2 39. Rxb5 a3
40. Ra5 a2 41. Ra7 Rc1+ 0-1

[Event "Mechanics' Fall TNM; 30/90, SD/30"]
[Site "San Francisco"]
[Date "2009.11.03"]
[Round "3.12"]
[White "Ramachandran, Jayakrishnan"]
[Black "Beilin, Allan"]
[Result "1-0"]
[WhiteElo "1922"]
[BlackElo "1715"]
[PlyCount "129"]
[EventDate "2009.??.??"]

1. e4 e6 2. d4 d5 3. exd5 exd5 4. g3 Nf6 5. Bg2 Bf5 6. Nf3 c6 7. O-O Be7 8.
Nbd2 O-O 9. Nh4 Bg4 10. f3 Be6 11. f4 Bg4 12. Ndf3 Nbd7 13. h3 Bxf3 14. Bxf3
Re8 15. Re1 Qb6 16. Be3 Bd6 17. Qd2 Ne4 18. Bxe4 Rxe4 19. c3 Qc7 20. Nf3 Nb6
21. b3 Rae8 22. Bf2 Nd7 23. Ng5 Rxe1+ 24. Rxe1 Rxe1+ 25. Qxe1 Nf6 26. c4 Qe7
27. Qxe7 Bxe7 28. Kg2 h6 29. Nf3 Ne4 30. Be1 Kf8 31. Ne5 f6 32. Ng4 Bd8 33.
cxd5 cxd5 34. Ne3 Bb6 35. Nxd5 Bxd4 36. f5 Ke8 37. Nc7+ Kd7 38. Ne6 Bc3 39. Bf2
g5 40. Bxa7 Be5 41. g4 Nc3 42. a4 Ne2 43. Be3 Kc6 44. Kf3 Nc3 45. Nd8+ Kd5 46.
Nxb7 Bd4 47. Bxd4 Kxd4 48. Nd6 Nd5 49. a5 Nc7 50. b4 Kd5 51. Ne4 Ke5 52. Nc5
Kd6 53. a6 Kc6 54. a7 Kb6 55. Nd7+ Kxa7 56. Nxf6 Kb6 57. Ke4 Na6 58. Nd5+ Kc6
59. Ke5 Kd7 60. b5 Nc5 61. Nf6+ Kc7 62. Ng8 Kb6 63. Nxh6 Kxb5 64. Nf7 Kc6 65.
Nxg5 1-0

[Event "Mechanics' Spring TNM; 30/90, SD/30"]
[Site "San Francisco"]
[Date "2009.03.17"]
[Round "2.21"]
[White "Ramachandran, Jayakrishnan"]
[Black "Frank, Robert"]
[Result "1-0"]
[WhiteElo "1829"]
[BlackElo "1296"]
[PlyCount "83"]
[EventDate "2009.??.??"]

1. e4 e5 2. Nf3 Nc6 3. Bc4 Nf6 4. d3 d5 5. exd5 Nxd5 6. h3 Bc5 7. c3 Be6 8. b4
Bd6 9. Ng5 Qf6 10. Nxe6 Qxe6 11. O-O a6 12. Re1 b5 13. Bb3 Be7 14. Qf3 Rd8 15.
a4 O-O 16. axb5 axb5 17. Na3 Qd7 18. Nxb5 Ndxb4 19. cxb4 Qxd3 20. Qxd3 Rxd3 21.
Bc4 Bxb4 22. Bxd3 Bxe1 23. Nxc7 Bc3 24. Ra8 Rxa8 25. Nxa8 Ba5 26. Ba3 Bb4 27.
Bb2 Ba5 28. Be4 Nd4 29. Kf1 f6 30. f4 Kf7 31. Kf2 g6 32. Ke3 Nf5+ 33. Bxf5 gxf5
34. fxe5 fxe5 35. Bxe5 Ke6 36. Bd4 Kd5 37. Nb6+ Bxb6 38. Bxb6 h5 39. Bc7 Ke6
40. Kf4 Kf6 41. Be5+ Kg6 42. Bd4 1-0

[Event "Mechanics' Wilkerson Mem TNM; 30/90, SD"]
[Site "San Francisco"]
[Date "2009.09.08"]
[Round "6.7"]
[White "Ramachandran, Jayakrishnan"]
[Black "Gaffagan, Steven"]
[Result "1/2-1/2"]
[WhiteElo "1869"]
[BlackElo "2026"]
[PlyCount "95"]
[EventDate "2009.??.??"]

1. e4 c5 2. Nf3 d6 3. d4 cxd4 4. Nxd4 Nf6 5. Nc3 a6 6. g3 g6 7. Bg2 Bg7 8. O-O
O-O 9. h3 Nbd7 10. Be3 Ne5 11. b3 Bd7 12. Nde2 Rc8 13. Rc1 b5 14. Nd5 Bc6 15.
Bb6 Qe8 16. Nc7 Rxc7 17. Bxc7 Bxe4 18. Bxe4 Nxe4 19. Qd5 Nd2 20. Rfd1 Ndf3+ 21.
Kg2 Qc8 22. Bb6 e6 23. Qxd6 Qa8 24. Nf4 Qe4 25. c4 bxc4 26. Rxc4 Nxc4 27. bxc4
Ne5+ 28. Kg1 Qxc4 29. a3 Qe4 30. Bc5 Nf3+ 31. Kf1 Nh2+ 32. Kg1 Nf3+ 33. Kf1 Qa8
34. h4 Re8 35. Bb6 Be5 36. Qb4 Nh2+ 37. Kg1 Nf3+ 38. Kf1 Qb8 39. Ke2 Bxf4 40.
Kxf3 Be5 41. Qa5 Qb7+ 42. Ke3 Bf6 43. Rd3 h5 44. a4 Rc8 45. Bd4 Bxd4+ 46. Rxd4
Qc6 47. Rd8+ Rxd8 48. Qxd8+ 1/2-1/2

[Event "Mechanics' Fall TNM; 30/90, SD/30"]
[Site "San Francisco"]
[Date "2009.12.15"]
[Round "9.13"]
[White "Ramachandran, Jayakrishnan"]
[Black "Goodall, Mike"]
[Result "1-0"]
[WhiteElo "1922"]
[BlackElo "1800"]
[PlyCount "47"]
[EventDate "2009.??.??"]

1. e4 c5 2. Nf3 Nc6 3. d4 cxd4 4. Nxd4 g6 5. Nc3 Bg7 6. Be3 d6 7. Be2 Nf6 8.
O-O O-O 9. h3 a6 10. Qd2 e6 11. Rad1 d5 12. exd5 exd5 13. Nf3 Be6 14. Bg5 Qe7
15. Rfe1 Rad8 16. a3 Qc7 17. Bd3 b5 18. Ne2 Qb6 19. Qf4 Qb8 20. Bxf6 Qxf4 21.
Nxf4 Bxf6 22. Nxe6 fxe6 23. Rxe6 Nd4 24. Rxf6 1-0

[Event "Mechanics' Wilkerson Mem TNM; 30/90, SD"]
[Site "San Francisco"]
[Date "2009.08.25"]
[Round "4.5"]
[White "Ramachandran, Jayakrishnan"]
[Black "Jones, James"]
[Result "1/2-1/2"]
[WhiteElo "1869"]
[BlackElo "2069"]
[PlyCount "85"]
[EventDate "2009.??.??"]

1. e4 c5 2. Nf3 d6 3. d4 cxd4 4. Nxd4 Nf6 5. Nc3 g6 6. g3 Bg7 7. Bg2 Bg4 8.
Nde2 Nc6 9. h3 Bd7 10. O-O O-O 11. Nd5 Rc8 12. c3 Nxd5 13. exd5 Ne5 14. Nd4 Qa5
15. Re1 Rfe8 16. f4 Nc4 17. Kh2 Nb6 18. Nb3 Qa4 19. Re4 Rc4 20. Qf3 Bf5 21.
Rxc4 Qxc4 22. Be3 Na4 23. Bxa7 Nxb2 24. Bd4 Rc8 25. Bxg7 Kxg7 26. Re1 Kf8 27.
Qe3 Rc7 28. g4 Bc2 29. Re2 Bxb3 30. axb3 Qxb3 31. Qd4 Kg8 32. Qa7 Kg7 33. Qb8
Rxc3 34. Rxe7 Qb4 35. Re4 Nc4 36. Qa7 Rd3 37. Qa1+ Qc3 38. Qa4 Ne3 39. Qa2 f5
40. Re7+ Kf8 41. Rxb7 Nf1+ 42. Kh1 Ng3+ 43. Kh2 1/2-1/2

[Event "Mechanics' Wilkerson Mem TNM; 30/90, SD"]
[Site "San Francisco"]
[Date "2009.09.22"]
[Round "8.3"]
[White "Ramachandran, Jayakrishnan"]
[Black "Manvelyan, Hayk"]
[Result "1/2-1/2"]
[WhiteElo "1869"]
[BlackElo "2071"]
[PlyCount "57"]
[EventDate "2009.??.??"]

1. e4 e6 2. d4 d5 3. Nd2 c5 4. exd5 Qxd5 5. dxc5 Bxc5 6. Ngf3 Nf6 7. Bc4 Qd6 8.
O-O O-O 9. Nb3 Nc6 10. Qe2 e5 11. Rd1 Qe7 12. Nxc5 Qxc5 13. Be3 Qe7 14. h3 Be6
15. Bb5 Nd7 16. Ng5 Bf5 17. c3 Rac8 18. Rd2 a6 19. Bxc6 Rxc6 20. Rad1 Rg6 21.
g4 Rxg5 22. Bxg5 Qxg5 23. Rxd7 Bxd7 24. Rxd7 b5 25. Qe3 Qg6 26. Kh2 Qc6 27. Rd2
h6 28. Re2 Re8 29. a3 1/2-1/2

[Event "Mechanics' Spring TNM; 30/90, SD/30"]
[Site "San Francisco"]
[Date "2009.04.14"]
[Round "5.9"]
[White "Ramachandran, Jayakrishnan"]
[Black "Manvelyan, Hovik"]
[Result "1-0"]
[WhiteElo "1829"]
[BlackElo "1903"]
[PlyCount "121"]
[EventDate "2009.??.??"]

1. e4 d6 2. Nf3 g6 3. d4 Bg7 4. g3 Nf6 5. Nbd2 c5 6. dxc5 dxc5 7. Bg2 Nc6 8. h3
O-O 9. O-O Nd7 10. c3 b6 11. Re1 Nde5 12. Nxe5 Nxe5 13. Qc2 Qc7 14. f4 Nc6 15.
Nf3 e5 16. Be3 Ba6 17. a4 Rad8 18. Rad1 Rxd1 19. Rxd1 Rd8 20. Kf2 Rd7 21. Bf1
Bxf1 22. Kxf1 Qc8 23. Kg2 Qd8 24. Rxd7 Qxd7 25. Qd2 Qxd2+ 26. Nxd2 Na5 27. b4
cxb4 28. cxb4 Nc6 29. b5 Na5 30. Kf3 Kf8 31. g4 Ke7 32. f5 Kd7 33. Ke2 Bf8 34.
Kd3 gxf5 35. gxf5 Nb7 36. Nb3 Nd6 37. Bd2 Be7 38. Bc3 f6 39. Bd2 Bf8 40. Be3
Nf7 41. Nd2 Bh6 42. Nc4 Bxe3 43. Nxe3 Kd6 44. Nd5 Kc5 45. h4 h6 46. Kc3 Nd6 47.
Nxf6 Nf7 48. Ng4 Nd6 49. Kd3 Nf7 50. Kc3 Nd6 51. Nf6 Nf7 52. Ne8 Nd8 53. Nc7
Kd6 54. Na6 Nb7 55. Kc4 Na5+ 56. Kc3 Nb7 57. h5 Ke7 58. Kc4 Kf6 59. Kd5 Nd8 60.
Nb8 Kg5 61. Nc6 1-0